Computer structures : Principles and examples
The book is divided into four parts: fundamentals; regions of computer space; computer classes; family range, compatibility, and evolution.
Na minha lista:
| Autor principal: | |
|---|---|
| Formato: | Livro |
| Idioma: | Undetermined |
| Publicado em: |
Auckland
McGraw-Hill
1989
|
| Assuntos: | |
| Tags: |
Adicionar Tag
Sem tags, seja o primeiro a adicionar uma tag!
|
| Thư viện lưu trữ: | Trung tâm Học liệu Trường Đại học Cần Thơ |
|---|
| LEADER | 00761nam a2200205Ia 4500 | ||
|---|---|---|---|
| 001 | CTU_220033 | ||
| 008 | 210402s9999 xx 000 0 und d | ||
| 082 | |a 621.3891 | ||
| 082 | |b S573 | ||
| 100 | |a Siewiorek, Daniel P. | ||
| 245 | 0 | |a Computer structures : | |
| 245 | 0 | |b Principles and examples | |
| 245 | 0 | |c Daniel P. Siewiorek, C. Gordon Bell, Allen Newell | |
| 260 | |a Auckland | ||
| 260 | |b McGraw-Hill | ||
| 260 | |c 1989 | ||
| 520 | |a The book is divided into four parts: fundamentals; regions of computer space; computer classes; family range, compatibility, and evolution. | ||
| 650 | |a Computer architecture,Kiến trúc máy tính | ||
| 904 | |i Tú Ngân, Khánh Ngân, Trúc | ||
| 980 | |a Trung tâm Học liệu Trường Đại học Cần Thơ | ||